| 000 | 00743cam a22002531 4500 | ||
|---|---|---|---|
| 001 | sa 67000274 | ||
| 003 | DLC | ||
| 005 | 20260227112313.0 | ||
| 008 | 830414s1966 ii 000 0 eng | ||
| 010 | _asa 67000274 | ||
| 025 | _aPL480:I-E-7138 | ||
| 035 | _a(OCoLC)9409614 | ||
| 040 |
_aDLC _cViU _dDLC |
||
| 042 | _apremarc | ||
| 050 | 0 | 0 |
_aKNS2832 _b.B437 1966 |
| 082 | _a340 | ||
| 100 | 1 |
_aBhattacharya, Sukumar, _d1923-2005. |
|
| 245 | 1 | 0 | _aIndian income-tax law and practice, corrected up to September 1966. |
| 250 | _a[4th ed.] | ||
| 260 |
_aCalcutta, _bNababharat Publishers _c[1966] |
||
| 300 |
_axvi, 622 p. _c24 cm. |
||
| 650 | 0 |
_aIncome tax _xLaw and legislation _zIndia. |
|
| 650 | 0 |
_aTaxation _xLaw and legislation _zIndia. |
|
| 999 |
_c71872 _d71872 |
||